000 00972 a2200241 4500
005 20160721125000.0
008 160721s2015 ck ad||fr|||| 000 0 spa d
020 _a9789588517285
040 _aCO-BoUCM
_bspa
_cSandra Palacio
_dSandra Palacio
041 0 _aspa
100 1 _aCañon R., Dora María
_978279
245 _aResultado de la evaluación ambiental
_ben una pyme de distribución y comercialización de productos químicos
_cDora María Cañon R.
260 _bUniversidad de América
_c2015
_aBogotá (Colombia)
300 _a61 páginas
_bilustraciones, tablas
490 0 _aApuntes de clase
504 _aIncluye referencias bibliográficas
650 7 _915305
_aEvaluación ambiental
650 7 _917973
_aInvestigación ambiental
_xAnálisis de riesgos
650 7 _922464
_aProductos químicos
_xImpactos ambientales
690 _aMedio ambiente
_919225
942 _cLIBRO
_2DEWEY
_a7
_e1
_h338.642
_mC212re
999 _c303776
_d303776